000 00762nam a2200217Ii 4500
003 JO-AjNU
008 230605s9999||||xx |||||||||||||| ||und||
017 _a1994/4/426
040 _aJO-AjNU
_bara
_erda
_cJO-AjNU
041 _aara
050 1 4 _aJC348.A9288.1994
100 3 _a العواملة، منصور صالح ,
_eauthor
_946898
245 0 0 _aالوسيط في النظم السياسية ، المجلد الثالث، الكتاب الثاني
250 _a(د،ط)
264 3 1 _aعمان : العواملة ، منصور صالح ، 1994
300 _a425ص
336 _atext
_btxt
_2rdacontent
337 _aunmediated
_bn
_2rdamedia
338 _avolume
_bnc
_2rdacarrier
650 4 _aحقوق الانسان -- قانون دولي
_946899
999 _aA20435
_c24003
_d24003